Europe by Images - 'R' - Statistics

General Stats
  • This quiz has been taken 31 times
  • The average score is 8 of 16
Answer Stats
Picture Hint Answer % Correct
Capital Rome
94%
River Rhine
90%
Country Romania
90%
Building Reichstag
77%
Tennis Player Rafael Nadal
74%
Brand Renault
68%
Food Risotto
58%
Island Rhodes
45%
City Rotterdam
45%
Philosopher René Descartes
42%
Footballer Roberto Baggio
32%
Bridge Ronda
23%
Actress Rosamund Pike
19%
Chemist Rosalind Franklin
6%
National Park Rila
0%
Palace Rosersberg
0%
No matching quizzes found
Score Distribution
Percent of People with Each Score
Percentile by Number Answered
Your Score History
You have not taken this quiz